01615nam a2200217 a 450000100100000000500170001000800410002702000150006804000250008308200150010824000790012324501340020226000370033630000210037350000730039450508290046765000140129670000320131070000250134270000300136700003619820250311114825.0120111s1986 ag r 000 0 spa d a9509097659 aDO-SdBNPbspacBNPHU axxxxbxxxx00aA feminist perspective in the academy. The difference it makes.lEspañol03aLa actuación femenina en el mundo académico /cElizabeth Langland y Walter Gove compiladores ; traducción Esteban Usabiaga. aBuenos Aires :bFraterna,c1986. a221 p. ;c20 cm. aIncluye referencias bibliográficas y notas al pie de las páginas0 tPrólogo de los editores /rElizabeth Langland y Walter Gove. --tEl sentido de la diferencia /rPatricia Meyer Spacks. --tNuevos horizontes para la crítica feminista en teatro y artes afines /rNancy S. Reinhardt. --tLa crítica feminista en el estudio de la religión /rRosemary Radford Ruether. --tAportes del Movimiento Feminista a la historia norteamericana /rCarl N. Degler. --tDesde el silencio: la mujer y la ciencia política /rNannerl O. Keohane. --tEfectos del feminismo en el estudio de la economía /rNancy S. Barrett. --tLa antropología y el estudio del género /rJudith Shapiro. --tCambios en las concepciones sobre el hombre y la mujer: un enfoque psicológico /rJanet T. Spence. --tLa mujer en la sociología: nuevas pautas de estudio y viejas concepciones /rCynthia Fuchs Epstein20aFeminismo1 aLangland, Elizabeth,ecomp.1 aGove, Walter,ecomp.1 aUsabiaga, Esteban,etrad.